000 00489cam a2200193ua 4500
001 2872
008 110913n ii |||gr||||Z||||||asm
020 _a81-237-1959-0
040 _cMAIN
082 _a920
100 1 _aKripalani, Krishna,
_eAuthor.
245 1 1 _aTagore a life
_cby Krishna Kripalani
250 _a2nd.
260 _aNew Delhi:
_bNational book trust,
_c2001.
300 _a280p:
_c23cm.
653 _aBiography
653 _aBiography og Rabindranath Tagore
942 _cBK
999 _c2721
_d2721